Question Bank in Biochemistry/ (Record no. 174465)

MARC details
000 -LEADER
fixed length control field 00515nam a22001817a 4500
005 - DATE AND TIME OF LATEST TRANSACTION
control field 20200617150131.0
010 ## - LCCN (DPL NO)
LC control number ENG-128204
020 ## - INTERNATIONAL STANDARD BOOK NUMBER
Terms of availability 250.00
International Standard Book Number 9788179665022
035 ## - SYSTEM CONTROL NUMBER
System control number EN-111736
037 ## - SOURCE OF ACQUISITION
Source of stock number/acquisition DBAD/PUB
082 ## - DEWEY DECIMAL CLASSIFICATION NUMBER
Classification number 250.00
100 ## - MAIN ENTRY--PERSONAL NAME
Personal name P.Ramamoorthy
245 ## - TITLE STATEMENT
Title Question Bank in Biochemistry/
Statement of responsibility, etc by P.Ramamoorthy
260 ## - PUBLICATION, DISTRIBUTION, ETC. (IMPRINT)
Place of publication, distribution, etc Chennai
Name of publisher, distributor, etc Emerald
Date of publication, distribution, etc 2018
270 ## - ADDRESS
Address Olivannan Gopalakrishnan
City New Delhi
Postal code 600008
300 ## - PHYSICAL DESCRIPTION
Extent xii;253p.
Dimensions 23cm(hb)
942 ## - ADDED ENTRY ELEMENTS (KOHA)
Source of classification or shelving scheme Dewey Decimal Classification
Item type English Books
Classification part 574.192
Call number suffix RAM
Holdings
Withdrawn status Lost status Not for loan Collection code Home library Current library Date acquired Source of acquisition Cost, normal purchase price Full call number Barcode Copy number Cost, replacement price Koha item type
      Non-fiction Ashok Vihar Ashok Vihar 17/06/2020 DBAD/PUB 250.00 574.192 RAM EN-111736 1 250.00 English Books

© Delhi Public Library
Hit Counter
free hit counter